Widok standardowy
Widok MARC
Pozycja Corporate Name
Liczba rekordów, w których użyto hasła: 1
001 - Numer kontrolny
- control field: 41011
003 - Identyfikator numeru kontrolnego
- control field: NUKAT
005 - Data i czas ostatniej modyfikacji
- control field: 20260430123518.0
008 - Dane kontrolne kodowane (40 znaków)
- fixed length control field: 171027n||azznnbabn |a ana |
010 ## - Numer kontrolny Biblioteki Kongresu
- numer kontrolny LC: p 2017142359
035 ## - Numer systemowy
- numer systemowy: a36996038
040 ## - Instytucja sporządzająca rekord
- inst. przygot. dane do rek. khw: WA N
- język haseł przedmiotowych/tezaurus: DBN
- inst. wprow. rek. khw: WA N
043 ## - Kod obszaru geograficznego
- ISO code: PL
110 2# - Hasło - nazwa ciała zbiorowego
- nazwa ciała zbior. lub geogr. na pocz.: Powiatowy Urząd Bezpieczeństwa Publicznego (Dębica)
370 ## - Associated place
- Country: Polska
- Residence/HQ: Dębica (woj. podkarpackie)
410 2# - Trop zob. - nazwa ciała zbiorowego
- nazwa ciała zbior. lub geogr. na pocz.: PUBP w Dębicy
670 ## - Źródło informacji
- źródło informacji: Egzekucja w Dębicy 10 lipca 1946 r. / Maciej Małozięć. W: Wyklęci : ogólnopolski kwartalnik poświęcony żołnierzom wyklętym. 2016, nr 3.